Statistics for Top 20 Most Dangerous Countries in Africa

Click here to take the quiz!

General Stats

  • This quiz has been taken 52 times
  • The average score is 18 of 20

Answer Stats

ScoreCountry% Correct
3.196D.R. Congo
100%
2.589Niger
98%
2.712Nigeria
98%
3.211Somalia
98%
2.489Chad
95%
2.613Ethiopia
95%
3.166Libya
95%
2.291Republic of The Congo
95%
3.363South Sudan
95%
2.936Sudan
95%
2.397Egypt
88%
2.31Algeria
85%
2.527Burkina Faso
85%
2.813Mali
85%
2.344South Africa
83%
2.555Eritrea
80%
2.49Zimbabwe
80%
3.131Central African Republic
76%
2.7Cameroon
71%
2.434Burundi
63%

Score Distribution

Percentile by Number Answered

Percent of People with Each Score

Your Score History

You have not taken this quiz